Central Library OPAC University of Rajshahi

BBC handbook / (Record no. 8580)

MARC details
000 -LEADER
fixed length control field 01620nas a2200397 a 4500
001 - CONTROL NUMBER
control field 8580
003 - CONTROL NUMBER IDENTIFIER
rucl marc code BD-RjUL
005 - DATE AND TIME OF LATEST TRANSACTION
control field 20211208234621.0
008 - FIXED-LENGTH DATA ELEMENTS--GENERAL INFORMATION
fixed length control field 140119s1955 enkar p 0 1 a0eng d
035 ## - SYSTEM CONTROL NUMBER
System control number (BD-RjUL)8625
040 ## - CATALOGING SOURCE
Original cataloging agency UCU
Transcribing agency UCU
Modifying agency PIT
-- MUL
-- m.c.
-- PIT
-- MUL
-- IUL
-- DLC
-- OCL
-- NST
-- m/c
-- NST
-- BD-RjUL
Language of cataloging eng
041 ## - LANGUAGE CODE
Language code of text/sound track or separate title eng
082 ## - DEWEY DECIMAL CLASSIFICATION NUMBER
Edition number 18
Classification number 384.540941
Author mark and year BRB 1955
090 ## - LOCALLY ASSIGNED LC-TYPE CALL NUMBER (OCLC); LOCAL CALL NUMBER (OCLC)
Classification number (OCLC) (R) ; Classification number, CALL (RLIN) (NR) TK6540
Local cutter number (OCLC) ; Book number/undivided call number, CALL (RLIN) .B82
110 2# - MAIN ENTRY--CORPORATE NAME
Corporate name or jurisdiction name as entry element British Broadcasting Corporation.
9 (RLIN) 26745
245 10 - TITLE STATEMENT
Title BBC handbook /
Statement of responsibility, etc. British Broadcasting Corporation.
246 3# - VARYING FORM OF TITLE
Title proper/short title B.B.C. handbook
260 ## - PUBLICATION, DISTRIBUTION, ETC. (IMPRINT)
Place of publication, distribution, etc. London :
Name of publisher, distributor, etc. British Broadcasting Corporation,
Date of publication, distribution, etc. 1955.
300 ## - PHYSICAL DESCRIPTION
Pagination 224 p. ;
Size 19 cm
504 ## - BIBLIOGRAPHY, ETC. NOTE
Bibliography, etc Includes index.
580 ## - LINKING ENTRY COMPLEXITY NOTE
Linking entry complexity note Vols. for 1974-1980 incorporate the Annual report and accounts.
Linking entry complexity note Annual report and accounts for 1944/45-1971/72 were issued as Command Papers.
610 20 - SUBJECT ADDED ENTRY--CORPORATE NAME
Corporate name or jurisdiction name as entry element British Broadcasting Corporation
650 #0 - SUBJECT ADDED ENTRY--TOPICAL TERM
Topical term or geographic name as entry element Broadcasting
Geographic subdivision Great Britain
Form subdivision Periodicals.
9 (RLIN) 26740
Topical term or geographic name as entry element Radio
Geographic subdivision Great Britain
Form subdivision Periodicals.
9 (RLIN) 26741
710 22 - ADDED ENTRY--CORPORATE NAME
Corporate name or jurisdiction name as entry element British Broadcasting Corporation.
Title of a work Annual report and accounts.
9 (RLIN) 26742
780 00 - PRECEDING ENTRY
Main entry heading British Broadcasting Corporation.
Title BBC year book
Record control number (OCoLC)5041279
-- (UkOxU)010318909
Main entry heading British Broadcasting Corporation.
Title Annual report and accounts for the year ...
Record control number (UkOxU)013424856
785 00 - SUCCEEDING ENTRY
Main entry heading British Broadcasting Corporation.
Title BBC annual report and handbook
Record control number (DLC) 83643685
-- (OCoLC)7095313
Related parts 1981
Record control number (UkOxU)010318889
942 ## - ADDED ENTRY ELEMENTS (KOHA)
Source of classification or shelving scheme Dewey Decimal Classification
Koha item type Books
Holdings
Lost status Source of classification or shelving scheme Damaged status Not for loan Collection code Permanent Location Current Location Shelving location Date acquired Source of acquisition Cost, normal purchase price Total Checkouts Full call number Date last seen Copy number Koha item type
  Dewey Decimal Classification   Not For Loan Non-fiction Central Library, University of Rajshahi Central Library, University of Rajshahi   13/06/1955 Simpkin Morshale 35.90   384.540941 BRB 1955 19/01/2014 C-1 Books